00362nam a22001457a 450000500170000000800410001702000180005804100080007608200100008410000440009424500430013826000110018130000080019265000160020020210909120557.0160627b xxu||||| |||| 00| 0 eng d a0-19-963533-1 aeng b10275 aBlackhurn, G Michael and Gait Michael J aNucleic Acids in Chemistry and Biology bOxford a499 aAgriculture